[Event "AUTO-ELITE-141"]
[Site "http://www.queenalice.com/game.php?id=310534"]
[Date "2007.11.26"]
[Round "1"]
[White "amed66"]
[Black "Bob_Fischer"]
[Result "1/2-1/2"]
[WhiteElo "2407"]
[BlackElo "2294"]

1. d4 Nf6 2. c4 g6 3. Nc3 Bg7 4. e4 d6 5. Be2 O-O 6. Be3 c5 7. e5 Ne8 8. dxc5
Bxe5 9. Qd2 Nc6 10. Nf3 Bg7 11. Bg5 Be6 12. Rd1 b6 13. cxb6 axb6 14. O-O Nf6 15.
Rfe1 Qc7 16. Nd5 Qb7 17. Bxf6 exf6 18. b3 Rfe8 19. h4 Bxd5 20. cxd5 Ne5 21. Bb5
Nxf3+ 22. gxf3 Rxe1+ 23. Rxe1 Rd8 24. h5 Qc8 25. h6 Bf8 26. Kg2 Qf5 27. a4 Qh5
28. Rh1 Qe5 29. f4 Qf5 30. Kg3 g5 31. fxg5 fxg5 32. Qd4 Qe5+ 33. Qxe5 dxe5 34.
Bc4 Bc5 35. Kg4 Bxf2 36. Rf1 Bc5 37. Rf6 Rd6 38. Rxd6 Bxd6 39. Kxg5 e4 40. Kf5
e3 41. Ke4 Kf8 42. Kxe3 Ke7 43. Bd3 Ba3 44. Kd4 Bc1 45. Kc4 Bxh6 46. Kb5 Kd6 47.
Kxb6 Be3+ 48. Ka6 Bd2 49. Bxh7 Kxd5 50. Kb6 Be3+ 51. Kb5 Bf2 52. Bg8 Kd6 53.
Bxf7 Kc7 54. a5 1/2-1/2

[Event "AUTO-ELITE-141"]
[Site "http://www.queenalice.com/game.php?id=310535"]
[Date "2007.11.26"]
[Round "1"]
[White "Bob_Fischer"]
[Black "amed66"]
[Result "1/2-1/2"]
[WhiteElo "2287"]
[BlackElo "2387"]

1. d4 Nf6 2. c4 g6 3. Nf3 Bg7 4. Nc3 O-O 5. e4 d6 6. Be2 Nbd7 7. O-O e5 8. dxe5
Nxe5 9. Nxe5 dxe5 10. Be3 c6 11. Qa4 Qc7 12. Rfd1 Re8 13. Rac1 Be6 14. Bg5 a5
15. h3 Rad8 16. Qc2 Rd4 17. Be3 Rxd1+ 18. Rxd1 Rd8 19. Na4 Rxd1+ 20. Bxd1 Nd7
21. Bg4 Bxg4 22. hxg4 Bf8 23. g3 Bd6 24. c5 Be7 25. Nb6 Nf8 26. Qc3 Ne6 27. Kg2
Bg5 28. Bxg5 Nxg5 29. Qd3 f6 30. Nc4 Kg7 31. f3 a4 32. Qd6 1/2-1/2

[Event "AUTO-ELITE-141"]
[Site "http://www.queenalice.com/game.php?id=310542"]
[Date "2007.11.26"]
[Round "1"]
[White "Bob_Fischer"]
[Black "Ghenov"]
[Result "1-0"]
[WhiteElo "2276"]
[BlackElo "2210"]

1. d4 Nf6 2. c4 e6 3. Nc3 Bb4 4. e3 O-O 5. Bd3 d5 6. Nf3 c5 7. O-O Nc6 8. a3
Bxc3 9. bxc3 dxc4 10. Bxc4 Qc7 11. Bd3 1-0

[Event "AUTO-ELITE-141"]
[Site "http://www.queenalice.com/game.php?id=310543"]
[Date "2007.11.26"]
[Round "1"]
[White "Ghenov"]
[Black "Bob_Fischer"]
[Result "0-1"]
[WhiteElo "2221"]
[BlackElo "2265"]

1. d4 Nf6 2. c4 g6 3. Nc3 Bg7 4. e4 d6 5. Nf3 O-O 6. Be2 e5 7. O-O exd4 8. Nxd4
Re8 9. f3 Nc6 10. Be3 Nh5 0-1

[Event "Brazilian Open"]
[Site "http://www.queenalice.com/game.php?id=326328"]
[Date "2007.12.26"]
[Round "3"]
[White "BRASILOV"]
[Black "Bob_Fischer"]
[Result "1/2-1/2"]
[WhiteElo "2413"]
[BlackElo "2290"]

1. d4 Nf6 2. c4 e6 3. Bg5 h6 4. Bxf6 Bb4+ 5. Nc3 Qxf6 6. e3 c5 7. Nf3 b6 8. Be2
Bxc3+ 9. bxc3 O-O 10. O-O d6 11. Nd2 Bb7 12. Qc2 Nc6 13. Bf3 Rac8 14. Rab1 Rc7
15. Rfc1 Rfc8 16. h3 Qe7 17. Qa4 Qd7 18. Kf1 g6 19. Ne4 Qe7 20. Nd2 Kg7 21. Kg1
cxd4 22. cxd4 Na5 23. Bxb7 Rxb7 24. Rc3 Rbc7 25. Rbc1 Qd7 26. Qb4 e5 27. Ne4 Nb7
28. Nd2 Qe7 29. Rd3 Na5 30. d5 Rc5 31. Ne4 Rxc4 32. Rxc4 Rxc4 33. Qxd6 Qxd6 34.
Nxd6 Rc1+ 35. Kh2 Kf6 36. g4 Rc2 37. Kg3 Ke7 38. Nb5 Nb7 39. Ra3 a5 40. Rc3 Rxc3
41. Nxc3 Kd6 42. f4 Kc5 43. Na4+ Kxd5 44. Nxb6+ Ke4 45. fxe5 Kxe3 46. Nc4+ Kd4
47. Nd6 Nd8 48. h4 a4 49. a3 Kc3 1/2-1/2

[Event "AUTO-MASTER-332"]
[Site "http://www.queenalice.com/game.php?id=349590"]
[Date "2008.2.6"]
[Round "2"]
[White "Mirok"]
[Black "Bob_Fischer"]
[Result "0-1"]
[WhiteElo "2269"]
[BlackElo "2297"]

1. e4 c5 2. Nf3 Nc6 3. d4 cxd4 4. Nxd4 Nf6 5. Nc3 e5 6. Ndb5 d6 7. Nd5 Nxd5 8.
exd5 Ne7 9. c4 Nf5 10. Bd3 Be7 11. O-O a6 12. Nc3 O-O 13. Kh1 Bd7 14. f4 f6 15.
Qc2 g6 16. Qf2 Nh6 17. h3 b6 18. Be3 Rb8 19. Rae1 Nf5 20. Bc1 b5 21. g4 bxc4 22.
Bxc4 Nd4 23. b3 a5 24. Be3 Nb5 25. Rc1 Nxc3 26. Rxc3 exf4 27. Qxf4 f5 28. g5 Re8
29. h4 Bf8 30. Bd4 Re4 31. Qf2 Qe8 32. Re3 Bg7 33. Ba7 Bb5 34. Rfe1 Bxc4 35.
bxc4 Rb7 36. Rxe4 fxe4 37. Bd4 Rf7 38. Bf6 Bxf6 39. gxf6 Qe5 40. Rf1 e3 41. Qe2
Qe4+ 42. Rf3 Rxf6 0-1

[Event "AUTO-MASTER-332"]
[Site "http://www.queenalice.com/game.php?id=349591"]
[Date "2008.2.6"]
[Round "2"]
[White "Bob_Fischer"]
[Black "Mirok"]
[Result "1/2-1/2"]
[WhiteElo "2313"]
[BlackElo "2260"]

1. d4 Nf6 2. c4 g6 3. Nf3 Bg7 4. Nc3 O-O 5. e4 d6 6. Be2 e5 7. dxe5 dxe5 8. O-O
Nbd7 9. Qc2 c6 10. Rd1 Re8 11. h3 Qe7 12. Bg5 h6 13. Be3 Nh5 14. Rd2 Nf4 15.
Rad1 Nc5 16. Bf1 Nce6 17. Qa4 a5 18. Qc2 Qf6 19. h4 Nf8 20. Rd6 Qe7 21. R1d2 Bg4
22. Nh2 Bc8 23. Na4 N4e6 24. Nf3 Nd4 25. Nxd4 Qxd6 26. Nb5 Qe7 27. Nb6 Rb8 28.
Nd6 Bg4 29. Nxe8 Rxe8 30. f3 Be6 31. Bf2 Nd7 32. Nd5 Qd8 33. Qd1 Qb8 34. Qa4 f5
35. Nb6 Nf6 36. Bd3 fxe4 37. Bxe4 Nxe4 38. fxe4 Rd8 39. Qxa5 Qc7 40. b3 Kh7 41.
Qc3 Qe7 42. Na4 Bg4 43. Rxd8 Qxd8 44. Nb2 Be2 45. Qc2 Bg4 46. Nd3 Qd6 47. a4 Kg8
48. Qc3 Be2 49. Nc5 b6 50. Nb7 Qd1+ 51. Kh2 Bd3 52. Bxb6 Bxe4 53. Qe3 Bf5 54. a5
e4 55. a6 Be5+ 56. g3 c5 57. Bxc5 Qc2+ 58. Qf2 Qxb3 59. Be3 Qxc4 60. a7 Qa6 61.
Nd8 Kh7 62. Bxh6 Kxh6 63. Nf7+ 1/2-1/2

[Event "Brazilian Open"]
[Site "http://www.queenalice.com/game.php?id=349802"]
[Date "2008.2.7"]
[Round "4"]
[White "Carlos75"]
[Black "Bob_Fischer"]
[Result "1/2-1/2"]
[WhiteElo "2460"]
[BlackElo "2308"]

1. e4 c5 2. Nf3 Nc6 3. d4 cxd4 4. Nxd4 Nf6 5. Nc3 e6 6. Ndb5 d6 7. Bf4 e5 8. Bg5
a6 9. Na3 Rb8 10. Nd5 Qa5+ 11. Bd2 Qd8 12. Bd3 Be6 13. c4 Be7 14. Nc2 O-O 15. b4
Nd7 16. Qh5 g6 17. Qh6 a5 18. a3 Nd4 19. Nxd4 exd4 20. f4 Rc8 21. O-O Bf6 22.
bxa5 Bg7 23. Qg5 Qxg5 24. fxg5 Bxd5 25. cxd5 Nc5 26. Rf3 Nb3 27. Rd1 Nxd2 28.
Rxd2 Rc5 29. a6 bxa6 30. Bxa6 Ra8 31. Bf1 Rc1 32. Ra2 h6 33. gxh6 Bxh6 34. Kf2
Be3+ 35. Kg3 Rc3 36. a4 Re8 37. a5 d3 38. a6 d2 39. Be2 Rxe4 40. a7 Bxa7 41.
Rxd2 Rc1 42. Ra3 Bc5 43. Raa2 Rc3+ 44. Bf3 f5 45. h3 Rec4 46. Ra8+ Kg7 47. Rb2
Bd4 48. Rba2 g5 49. R8a4 Rxa4 50. Rxa4 Be3 51. Ra2 Rc1 52. Be2 Kf6 53. Kf3 Rc3
54. Bb5 Ke5 55. Bd7 Bd4+ 56. Ke2 f4 57. Bc6 Ke4 58. Kd1 Rb3 59. Re2+ Be3 60. Kc2
Ra3 61. Kb1 Ra7 62. Ra2 Rh7 63. Kc2 f3 64. Ra4+ Bd4 65. gxf3+ Ke3 66. Ra3+ Kf2
67. Kd3 Bc5 68. Rc3 Rxh3 69. Ke4 Rh4+ 70. Kf5 Be3 71. Ke6 Rh6+ 72. Kf5 Kxf3 73.
Ba4 Rh1 74. Bc2 Ke2 1/2-1/2

[Event "AUTO-ELITE-141"]
[Site "http://www.queenalice.com/game.php?id=358473"]
[Date "2008.2.21"]
[Round "2"]
[White "amed66"]
[Black "Bob_Fischer"]
[Result "1/2-1/2"]
[WhiteElo "2405"]
[BlackElo "2311"]

1. e4 c5 2. c3 Nf6 3. e5 Nd5 4. d4 cxd4 5. Qxd4 e6 6. Nf3 Nc6 7. Qe4 f5 8. exf6
Nxf6 9. Qc2 d5 10. Bg5 e5 11. Nbd2 e4 12. Nd4 Nxd4 13. cxd4 Qb6 14. Qb3 Qxd4 15.
O-O-O Qb4 16. Bxf6 Qxb3 17. Nxb3 gxf6 18. Rxd5 Be6 19. Rd4 Rc8+ 20. Kb1 f5 21.
Be2 Kf7 22. Rhd1 Bg7 23. Ra4 Rc7 24. Nd4 Bxd4 25. Raxd4 1/2-1/2

[Event "AUTO-ELITE-141"]
[Site "http://www.queenalice.com/game.php?id=358474"]
[Date "2008.2.21"]
[Round "2"]
[White "Bob_Fischer"]
[Black "amed66"]
[Result "1/2-1/2"]
[WhiteElo "2314"]
[BlackElo "2400"]

1. d4 Nf6 2. c4 e6 3. Nf3 Bb4+ 4. Bd2 c5 5. Bxb4 cxb4 6. e3 O-O 7. Bd3 d6 8. O-O
Re8 9. Nbd2 b6 10. Ne4 Bb7 11. Nxf6+ Qxf6 12. Qa4 Rd8 13. Nd2 a5 14. Be4 Qe7 15.
h3 Rc8 16. a3 Bxe4 17. Nxe4 f5 18. Nd2 bxa3 19. bxa3 Nd7 20. Rab1 Rc7 21. Rb5
Rac8 22. Qb3 g6 23. a4 Qf6 24. g3 Kg7 25. Qa3 Rc6 26. h4 e5 27. Qd3 Rd8 28. Kg2
h5 1/2-1/2

[Event "AUTO-ELITE-141"]
[Site "http://www.queenalice.com/game.php?id=358477"]
[Date "2008.2.21"]
[Round "2"]
[White "Bob_Fischer"]
[Black "sbirulino"]
[Result "1/2-1/2"]
[WhiteElo "2326"]
[BlackElo "2335"]

1. d4 Nf6 2. c4 e6 3. Nf3 d5 4. Nc3 c6 5. e3 Nbd7 6. Bd3 dxc4 7. Bxc4 b5 8. Bd3
a6 9. O-O c5 10. a4 b4 11. Ne4 Bb7 12. Nxf6+ Qxf6 13. Re1 Rc8 14. a5 Bd6 15. e4
cxd4 16. Bg5 Qg6 17. Qd2 h6 18. e5 Qh5 19. Bf4 Bc5 20. Be2 O-O 21. Ng5 Qg6 22.
Bd3 1/2-1/2

[Event "AUTO-ELITE-141"]
[Site "http://www.queenalice.com/game.php?id=358478"]
[Date "2008.2.21"]
[Round "2"]
[White "sbirulino"]
[Black "Bob_Fischer"]
[Result "0-1"]
[WhiteElo "2321"]
[BlackElo "2374"]

1. Nf3 d5 2. c4 d4 3. e3 Nc6 4. d3 e5 5. Be2 Nf6 6. O-O Bc5 7. exd4 exd4 8. Nbd2
O-O 9. Nb3 Be7 10. Bf4 Bd6 11. Bd2 Re8 12. Re1 Bf8 13. Bf1 Rxe1 14. Qxe1 Bg4 15.
Qd1 h6 16. h3 Be6 17. Bf4 a5 18. a4 Bd6 19. Bd2 Be7 20. Bf4 b6 21. Qe2 Rc8 22.
g4 Qd7 23. Bg2 Re8 24. Ne5 Nxe5 25. Bxe5 Bd6 26. Bxd6 Qxd6 27. Qf3 Qe5 28. Qg3
Qe2 29. Qxc7 Qxb2 30. Qxb6 Nd7 31. Qb5 Rb8 32. Bb7 Nf8 0-1

[Event "AUTO-ELITE-181"]
[Site "http://www.queenalice.com/game.php?id=398452"]
[Date "2008.5.5"]
[Round "1"]
[White "Bob_Fischer"]
[Black "flajoao"]
[Result "1-0"]
[WhiteElo "2334"]
[BlackElo "2436"]

1. d4 d5 2. c4 c6 3. Nf3 e6 4. Nc3 Nf6 5. e3 Nbd7 6. Bd3 dxc4 7. Bxc4 b5 8. Bd3
Bb7 9. O-O a6 10. e4 c5 11. d5 c4 12. dxe6 cxd3 13. exd7+ Qxd7 14. Re1 Be7 15.
e5 Ng4 16. h3 Nxf2 17. Kxf2 O-O 18. a3 Rac8 19. Be3 Rc6 20. Kg1 Rg6 21. Kh2 Rc8
22. Qd2 a5 23. Rac1 Rc4 24. Rf1 f6 25. Bf4 b4 26. axb4 axb4 27. Ne2 Rxc1 28.
Nxc1 fxe5 29. Bxe5 Bd6 30. Bxd6 Qxd6+ 31. Kh1 Be4 32. Ng5 Bc6 33. Nxd3 Rxg5 34.
Qxg5 Qxd3 35. Qf5 Qxf5 36. Rxf5 Bd7 37. Rf4 b3 38. Kg1 g6 39. Kf2 Kg7 40. Ke3 h6
41. Rb4 Be6 42. Kd3 Kf6 43. Kc3 Bd5 44. g3 Be6 45. Rb6 h5 46. Rxe6+ Kxe6 47.
Kxb3 Kd5 48. Kb4 1-0

[Event "AUTO-ELITE-181"]
[Site "http://www.queenalice.com/game.php?id=398453"]
[Date "2008.5.5"]
[Round "1"]
[White "flajoao"]
[Black "Bob_Fischer"]
[Result "0-1"]
[WhiteElo "2433"]
[BlackElo "2349"]

1. e4 c5 2. Nf3 Nc6 3. Nc3 d6 4. d4 cxd4 5. Nxd4 e5 6. Nb3 Nf6 7. Bg5 Be7 8.
Bxf6 Bxf6 9. Bc4 O-O 10. O-O Be6 11. Bxe6 fxe6 12. Qd3 Be7 13. Rad1 a6 14. Qe3
Qc7 15. Rd2 Rf6 16. a3 Rg6 17. Rd3 b5 18. Rdd1 Rf8 19. Kh1 Rh6 20. g3 Qb7 21. f3
Rhf6 22. Ne2 a5 23. f4 a4 24. Nd2 exf4 25. gxf4 Na5 26. Rg1 Nc4 27. Nxc4 bxc4
28. Qd4 Qc6 29. Rg2 g6 30. Qe3 Bd8 31. Nd4 Qb7 32. f5 exf5 33. exf5 Bb6 34. h3
Kh8 35. Qc3 Qd5 36. Kh2 gxf5 37. Re2 f4 38. Qf3 Qf7 39. Rg2 Re8 40. Rg4 d5 41.
Rg5 h6 42. Rxd5 Re3 43. Qh5 Qxh5 44. Rxh5 f3 0-1

[Event "AUTO-ELITE-181"]
[Site "http://www.queenalice.com/game.php?id=398454"]
[Date "2008.5.5"]
[Round "1"]
[White "Bob_Fischer"]
[Black "enzoiazo"]
[Result "1-0"]
[WhiteElo "2326"]
[BlackElo "2206"]

1. d4 Nf6 2. c4 c5 3. d5 e6 4. Nc3 exd5 5. cxd5 d6 6. e4 g6 7. Nf3 Bg7 8. Bd3
O-O 9. O-O a6 10. a4 Bg4 11. h3 Bxf3 12. Qxf3 Nbd7 13. Qe2 Re8 14. a5 Qc7 15.
Be3 Rac8 16. Rfc1 h6 17. Bc2 Kh7 18. Ra4 Re7 19. g3 Rce8 20. Rd1 Kg8 21. Kg2 Ne5
22. Qd2 Kh7 23. f4 Ned7 24. e5 dxe5 25. f5 Qd6 26. fxg6+ fxg6 27. Rh4 Nf8 28.
Bxh6 Kg8 29. Rf1 b5 30. Bg5 Rf7 31. Bxf6 Bxf6 32. Rg4 Kg7 33. h4 b4 34. Ne4 Qd7
35. Kh3 Bd8 36. Nxc5 1-0

[Event "AUTO-ELITE-181"]
[Site "http://www.queenalice.com/game.php?id=398455"]
[Date "2008.5.5"]
[Round "1"]
[White "enzoiazo"]
[Black "Bob_Fischer"]
[Result "0-1"]
[WhiteElo "2229"]
[BlackElo "2317"]

1. d4 Nf6 2. Nf3 g6 3. g3 Bg7 4. Bg2 O-O 5. O-O d5 6. c4 dxc4 7. Na3 Nc6 8. Nxc4
Bf5 9. Nce5 Be4 10. h3 Qd5 11. Nxc6 Qxc6 12. Bf4 Qb6 13. Qd2 Rad8 14. Be5 Nh5
15. Bxg7 Nxg7 16. Rfd1 Ne6 17. e3 Qb5 18. Rac1 Qd5 19. Qe2 Rd6 20. b4 Rfd8 21.
a4 a5 22. b5 c6 23. bxc6 bxc6 24. Kh2 Rb8 25. Rd2 Rb4 26. Qd1 f6 27. Rc3 Rb1 28.
Rc1 Rxc1 0-1

[Event "AUTO-ELITE-181"]
[Site "http://www.queenalice.com/game.php?id=427717"]
[Date "2008.7.4"]
[Round "2"]
[White "Cthulhu"]
[Black "Bob_Fischer"]
[Result "1-0"]
[WhiteElo "2460"]
[BlackElo "2384"]

1. d4 Nf6 2. c4 g6 3. Nc3 Bg7 4. e4 d6 5. Nf3 O-O 6. Be2 e5 7. O-O exd4 8. Nxd4
Re8 9. f3 Nc6 10. Be3 Nh5 11. Qd2 Nf4 12. Nxc6 Bxc3 13. bxc3 Nxe2+ 14. Qxe2 bxc6
15. c5 Qf6 16. Qd2 Qe7 17. Rfe1 dxc5 18. Qf2 c4 19. Bxa7 Qa3 20. Bd4 Qe7 21. Qe3
Ra5 22. Qh6 f6 23. Qh4 g5 24. Qh5 Qf7 25. Qh6 Re6 26. Reb1 Qg7 27. Qh3 Re8 28.
Qh5 Rd8 29. h4 c5 30. Be3 h6 31. hxg5 fxg5 32. f4 gxf4 33. Bxf4 Ra6 34. Rf1 Bb7
35. Rad1 Rxd1 36. Rxd1 Re6 37. Qh3 Qg6 38. Rd8+ Kf7 39. e5 Bc6 40. Rc8 Re7 41.
Rh8 Re6 42. Rxh6 Qb1+ 43. Kh2 Rxh6 44. Qxh6 Qf5 45. Qf6+ Qxf6 46. exf6 Kxf6 47.
g4 1-0

[Event "AUTO-ELITE-181"]
[Site "http://www.queenalice.com/game.php?id=427718"]
[Date "2008.7.4"]
[Round "2"]
[White "Bob_Fischer"]
[Black "Cthulhu"]
[Result "1/2-1/2"]
[WhiteElo "2377"]
[BlackElo "2509"]

1. d4 d5 2. c4 c6 3. Nf3 Nf6 4. Nc3 e6 5. e3 Nbd7 6. Bd3 dxc4 7. Bxc4 b5 8. Bd3
Bb7 9. O-O a6 10. e4 c5 11. d5 Qc7 12. dxe6 fxe6 13. Bc2 Bd6 14. Ng5 Nf8 15. f4
h6 16. e5 O-O-O 17. Nf7 Qxf7 18. exd6 Qd7 19. Re1 Qxd6 20. Qxd6 Rxd6 21. f5 N6d7
22. Bf4 Rd4 23. Be3 Rb4 24. b3 e5 25. Rad1 Nh7 26. Nd5 Rd4 27. Ne7+ Kd8 28. Bxd4
cxd4 29. Ng6 Re8 30. a4 Nhf8 31. axb5 axb5 32. Nh4 Bd5 33. Rd2 Nf6 34. Bd3 b4
35. Nf3 N8d7 36. Bb5 Bxb3 37. Rb2 Bd5 38. Rxb4 d3 39. Nd2 e4 40. Rd4 Re5 41.
Bxd7 Kxd7 42. Rxd3 Ke7 43. Rc3 Rxf5 44. Rc7+ Kf8 45. Rb1 e3 46. Nc4 Bxc4 47.
Rb8+ Ne8 48. Rxc4 Re5 49. Kf1 Kf7 50. Ke2 Re7 51. Rcb4 Kg6 52. Rb3 Nf6 53. R8b7
Re5 54. Rxe3 Rg5 55. Rg3 Rxg3 56. hxg3 Ng4 57. Kf3 h5 58. Kf4 Kh6 59. Rb6+ g6
60. Rd6 1/2-1/2

[Event "AUTO-ELITE-140"]
[Site "http://www.queenalice.com/game.php?id=468761"]
[Date "2008.9.26"]
[Round "2"]
[White "mbake5"]
[Black "Bob_Fischer"]
[Result "1-0"]
[WhiteElo "2625"]
[BlackElo "2382"]

1. e4 c5 2. Nf3 d6 3. d4 cxd4 4. Nxd4 Nf6 5. Nc3 a6 6. Be3 e5 7. Nb3 Be6 8. f3
Be7 9. Qd2 O-O 10. O-O-O Nbd7 11. g4 b5 12. g5 Nh5 13. Kb1 Nb6 14. Nd5 Bxd5 15.
exd5 Qc7 16. Na5 Nxd5 17. Qxd5 Qxa5 18. Bd3 Qd8 19. Rhg1 Rb8 20. g6 hxg6 21.
Bxg6 Nf6 22. Qb3 d5 23. Bf5 g6 24. f4 Qc7 25. fxe5 Qxe5 26. Rg5 Ng4 27. Bd4 Bxg5
28. Bxe5 Nxe5 29. Qg3 Bf6 30. h4 Kh8 31. Bd3 Rb6 32. h5 g5 33. c3 Rd8 34. Qf2
Rbd6 35. h6 Kg8 36. Bf5 1-0

[Event "AUTO-ELITE-140"]
[Site "http://www.queenalice.com/game.php?id=468762"]
[Date "2008.9.26"]
[Round "2"]
[White "Bob_Fischer"]
[Black "mbake5"]
[Result "1/2-1/2"]
[WhiteElo "2374"]
[BlackElo "2630"]

1. d4 Nf6 2. c4 e6 3. Nf3 d5 4. Nc3 c6 5. e3 Nbd7 6. Bd3 dxc4 7. Bxc4 b5 8. Bd3
Bb7 9. e4 b4 10. Na4 c5 11. e5 Nd5 12. O-O Rc8 13. Nxc5 Nxc5 14. dxc5 Bxc5 15.
Ng5 Be7 16. Nxh7 g6 17. Bb5+ Bc6 18. Bxc6+ Rxc6 19. Qa4 Qc7 20. Ng5 Nb6 21. Qb5
O-O 22. Nf3 Nc4 23. b3 Rb8 24. Qa4 Nb6 25. Qa5 Rd8 26. Be3 Rd5 27. Qa6 Nc4 28.
Qxa7 Qxa7 29. Bxa7 Nxe5 30. Nxe5 Rxe5 31. Be3 Ra5 32. g3 Rc2 33. Rfc1 Rxc1+ 34.
Rxc1 Rxa2 1/2-1/2